000 00572nam a2200181 i 4500
001 44194
003 ES-MaACL
005 20230906160957.0
007 t|
008 030320s1967 sp ||||1| spa d
100 1 _aCid Tesouro, Ramón.
_938774
245 1 0 _aPráctica cooperativa /
_ccuatro estudios por Ramón Cid Tesouro.
260 _aZaragoza :
_bEscuela Gerentes Cooperativos,
_c1967.
300 _a106 p., 3 lám. ;
_c21 cm.
500 _aPrecede al tít.: Obra sindical "Cooperación"
650 0 4 _aCooperativas.
_911353
852 _aES-MaACL
_jC-32429
_bR.63174
999 _c44194
_d44194